000
00334 a2200157 4500
001
164753
020
_a
040
_c
Magnum
100
_a
Orthoff, Sylvia
240
1
0
_a
O rei preto de ouro preto
_l
por
245
1
0
_a
O rei preto de ouro preto
362
0
_a
1899
440
1
_a
Moderna
697
_a
IJ/PARADIDATICO
942
_c
BK
999
_c
164753
_d
164753